000 00489nam a2200181Ia 4500
005 20250326125238.0
008 250326s9999 xx 000 0 und d
037 _aTextbook
040 _aFMSL
_beng
_cFMSL
041 _aeng
_2eng
084 _aX62 K9
_qFMSL
100 _aBurgess N
_9738734
245 0 _aHow to find out about banking and investment
_cBurgess N
260 _aNY
_bNY, Pergamon
_c1969
300 _a300p
942 _cTB
_hX62 K9
999 _c1277173
_d1277173